| 000 | 01341nam a22003377a 4500 | ||
|---|---|---|---|
| 001 | T0000007 | ||
| 003 | KOHA_MİRAKIL | ||
| 005 | 20260207004503.0 | ||
| 007 | ta | ||
| 008 | 190402b2011 xx |||grm|||#0|||0|tur | | ||
| 040 |
_aTR-BiSEU _btur _cTR-BiSEU _erda |
||
| 041 | 0 | _atur | |
| 050 | 0 | 0 |
_aTez _b7 |
| 100 | 1 | _aAkkul, Refiye. | |
| 245 | 1 |
_aCinsiyetler arası gelir eşitsizliğini gidermede mikro kredi uygulamalarının etkinliği: Bilecik ili örneği/ _cRefiye Akkul ; Refiye Akkul; danışman Necati Çiftçi. |
|
| 264 | 1 |
_aBilecik : _bBilecik Üniversitesi _c2011 |
|
| 300 | _aXVII, 145 sayfa: tablo, resimli; 30 cm.+1 CD-ROM | ||
| 336 |
_ametin _btxt _2rdacontent |
||
| 337 |
_aaracısız _bn _2rdamedia |
||
| 338 |
_acilt _bnc _2rdacarrier |
||
| 500 | _aRef. No: 404517 | ||
| 500 | _aKaynakça var. | ||
| 500 | _aİngilizce Eser Adı: Efficiency of micro credit practices on resolving income inequality between sexes: the case of Bilecik | ||
| 502 | _aTez (Yüksek Lisans) -- Bilecik Üniversitesi Sosyal Bilimler Enstitüsü İktisat Anabilim Dalı, Bilecik, . | ||
| 650 | 0 |
_aKadın yoksulluğu. _9118789 |
|
| 650 | 0 |
_aCinsiyetler arası gelir eşitsizliği. _9118790 |
|
| 650 | 0 |
_aWoman poverty. _9118791 |
|
| 650 | 0 |
_aIncome inequality between sexes. _9118792 |
|
| 856 | 4 | 0 | _uhttp://acikkaynak.bilecik.edu.tr/xmlui/handle/11552/71 |
| 907 | _aYüksek Lisans | ||
| 942 |
_2lcc _cTS |
||
| 999 |
_c64558 _d64558 |
||